header

Biologically inspired cognitive architectures 2010 (Record no. 244903)

MARC details
000 -LEADER
fixed length control field 01547nam a2200337 a 4500
245 10 - TITLE STATEMENT
Title Biologically inspired cognitive architectures 2010
260 ## - PUBLICATION, DISTRIBUTION, ETC. (IMPRINT)
Place of publication Amsterdam, The Netherlands :
Name of publisher IOS Press,
Year of publication 2010.
300 ## - PHYSICAL DESCRIPTION
Number of Pages xiii, 247 p. :
Other physical details ill. (some col.).
490 1# - SERIES STATEMENT
Series statement Frontiers in artificial intelligence and applications,
650 #0 - SUBJECT ADDED ENTRY--TOPICAL TERM
Topical Term Biologically-inspired computing
Topical Term Artificial intelligence
700 1# - ADDED ENTRY--PERSONAL NAME
Personal name Samsonovich, Alexei V.
856 40 - ELECTRONIC LOCATION AND ACCESS
Uniform Resource Identifier http://site.ebrary.com/lib/rucke/Doc?id=10440471

No items available.

© 2026 Rongo University
Contact us: librarian | system librarian | Rongo university